000 02191nam a2200421 a 4500
999 _c127290
_d127290
003 BLK
005 20240108160432.0
008 180409b bul|||||r ||||||| ||bul||
010 _aKNG00132992000
020 _a978-954-9913-06-4
040 _aBLK
041 _aBUL
_cBUL
080 _aЕлектротехника
_b621.3
_x(73)(=861)(092)(02.062)
_z621.3(73)(=861)(092)(02.062)
080 _aМеждупланетно обкръжение - Комети, метеори, метеорити, остатъци от метеорити на земната повърхност
_b523.6
_z523.6
080 _aСръбско-американски изобретател, физик и електромашинен инженер
_b929 Тесла, Никола
_z929 Тесла, Никола
100 1 _aМаксимов, Анатолий Борисович
_eпърви автор
_9320621
139 _aМаксимов, Анатолий Борисович
_bТ 53
245 1 0 _aНикола Тесла и Тунгуският метеорит
_cАнатолий Борисович Максимов; прев. Георги Рачев.
257 _aRUS
260 _aСофия
_bНСМ - Медиа
_c2011
_fСофия : Експреспринт
300 _a208 с.
_bс ил.
_c20 см
380 _a62
490 _aАвангардни идеи за човека и Вселената
_9206486
500 _aОриг. загл.: Никола Тесла и загадка Тунгусского метеорита / Анатолий Максимов. - Библиогр: с 203-206.
600 1 4 _aТесла, Никола Милутин
_9277770
650 4 _aТесла, Никола Милутин
_9277770
650 4 _aМетеорити
_9162041
653 _aметеорити
653 _aелектричество
653 _aНикола Тесла
653 _aелектромагнитни вълни
700 1 _aРачев, Георги
_eпрев.
_9367672
852 _aЦб 256007
852 _bП
_c621.3/Т 53 Н
942 _cKNG
_n0
_s1
_02
944 _aCR
_c20.08.2012
_k30531
_lЦветелина Шанова
944 _aED
_c2021-11-10
_kГГГ